[Event "Xtracon Open 2019"]
[Site "Helsingor"]
[Date "2019.07.21"]
[Round "2.16"]
[White "Hauge, Lars Oskar"]
[Black "Thuesen, Mogens"]
[Result "1-0"]
[WhiteElo "2476"]
[BlackElo "2111"]
[Annotator "ChessBase"]
[PlyCount "61"]
[EventDate "2019.07.19"]
[EventType "swiss"]
[EventCountry "DEN"]
[SourceTitle "playchess.com"]
[Source "ChessBase"]
[SourceQuality "1"]

1. d4 Nf6 2. Nf3 g6 3. Bg5 Bg7 4. Nbd2 d5 5. e3 O-O 6. Bd3 c5 7. c3 b6 8. h4 Nc6 9. h5 Bg4 10. hxg6 fxg6 11. Rh4 Qd7 12. Qc2 c4 13. Be2 Bf5 14. Qd1 Ng4 15. Nxc4 dxc4 16. Bxc4+ Kh8 17. Qe2 e5 18. O-O-O exd4 19. exd4 Rae8 20. Qd2 h5 21. Rdh1 Bf6 22. Bxf6+ Nxf6 23. Bb5 Kg7 24. d5 Nxd5 25. Nd4 Nde7 26. Qg5 Qd5 27. Rxh5 Nxd4 28. Rh7+ Kg8 29. Rxe7 Rxe7 30. Qxe7 Qxb5 31. Qh7# 1-0

[Event "Xtracon Open 2019"]
[Site "Helsingor"]
[Date "2019.07.21"]
[Round "2.16"]
[White "Svane, Frederik"]
[Black "Buttkus, Andre"]
[Result "1-0"]
[WhiteElo "2334"]
[BlackElo "2024"]
[Annotator "NA"]
[PlyCount "61"]
[EventDate "2019.07.19"]
[EventType "swiss"]
[EventCountry "DEN"]
[SourceTitle "playchess.com"]
[Source "ChessBase"]
[SourceQuality "1"]

1. e4 c5 2. Nf3 g6 3. d4 cxd4 4. Nxd4 Bg7 5. Nc3 Nc6 6. Be3 Nf6 7. Bc4 Qa5 8. O-O O-O 9. Bb3 d6 10. h3 Bd7 11. Re1 Rfc8 12. Nf3 b5 13. Bg5 Ne8 14. e5 b4 15. Nd5 dxe5 16. Nxe7+ Nxe7 17. Bxe7 Ba4 18. Qd2 Bxb3 19. cxb3 Rcb8 20. a3 Qc7 21. Bxb4 a5 22. Rac1 Qb7 23. Bc3 Qxb3 24. Nxe5 a4 25. Rcd1 Rc8 26. Qf4 Rd8 27. Rxd8 Rxd8 28. Kh2 Qb8 29. Qxf7+ Kh8 30. Kg1 Nd6 31. Nxg6+ 1-0

[Event "Xtracon Open 2019"]
[Site "Helsingor"]
[Date "2019.07.21"]
[Round "2.16"]
[White "Mansoor, Afras"]
[Black "Jorgensen, Brian Jorgen"]
[Result "1/2-1/2"]
[WhiteElo "1991"]
[BlackElo "2251"]
[Annotator "NA"]
[PlyCount "138"]
[EventDate "2019.07.19"]
[EventType "swiss"]
[EventCountry "DEN"]
[SourceTitle "playchess.com"]
[Source "ChessBase"]
[SourceQuality "1"]

1. c4 f5 2. g3 Nf6 3. Bg2 g6 4. Nc3 Bg7 5. d3 d6 6. e4 Nc6 7. Nge2 O-O 8. O-O e5 9. Nd5 Be6 10. Bg5 Qd7 11. exf5 Bxf5 12. Nxf6+ Bxf6 13. Bxf6 Rxf6 14. d4 Kg7 15. f4 Re8 16. fxe5 dxe5 17. d5 Na5 18. Rc1 c5 19. Qd2 b6 20. h3 h5 21. Qg5 Rd6 22. Rc3 Kh7 23. g4 hxg4 24. hxg4 Bxg4 25. Ng3 Nb7 26. Ne4 Bf5 27. Nf6+ Rxf6 28. Qxf6 Nd6 29. Kf2 Kg8 30. Rh1 Nf7 31. Ke1 Qe7 32. Qxe7 Rxe7 33. Bh3 Kg7 34. Rg3 Nd6 35. b3 e4 36. Ke2 Kf6 37. Rhg1 Bxh3 38. Rxh3 Nf5 39. Rh8 e3 40. Rh3 Nd4+ 41. Kd3 Nf5 42. Rf3 Rh7 43. Rg2 Rh4 44. Rf1 g5 45. Rfg1 Rd4+ 46. Kc3 Nd6 47. Kc2 b5 48. Rxg5 bxc4 49. Rg6+ Ke5 50. Re6+ Kxd5 51. Rxe3 Nf5 52. Rg5 Rf4 53. bxc4+ Kxc4 54. Rc3+ Kb4 55. Rb3+ Kc4 56. Rc3+ Kb4 57. a3+ Kb5 58. Kb2 a5 59. Rc2 Rf3 60. Rc3 Rf2+ 61. Rc2 Rf3 62. Rc3 Rf2+ 63. Rc2 Rf3 64. Rg8 Nd6 65. Rb8+ Kc6 66. Rb3 Rf1 67. Rbc3 Rf5 68. Rh3 Kb5 69. Rb3+ Kc6 1/2-1/2

[Event "Xtracon Open 2019"]
[Site "Helsingor"]
[Date "2019.07.21"]
[Round "2.17"]
[White "Holm, Kristian Stuvik"]
[Black "Poulsen, Klaus E."]
[Result "1-0"]
[WhiteElo "2469"]
[BlackElo "2095"]
[Annotator "ChessBase"]
[PlyCount "71"]
[EventDate "2019.07.19"]
[EventType "swiss"]
[EventCountry "DEN"]
[SourceTitle "playchess.com"]
[Source "ChessBase"]
[SourceQuality "1"]

1. d4 Nf6 2. c4 c5 3. d5 b5 4. cxb5 a6 5. bxa6 Bxa6 6. Nc3 d6 7. Nf3 g6 8. e4 Bxf1 9. Kxf1 Bg7 10. g3 O-O 11. Kg2 Nbd7 12. a4 Ne8 13. Qc2 Nc7 14. Bg5 h6 15. Bd2 Ra7 16. Rab1 Rb7 17. Na2 Na6 18. b4 cxb4 19. Nxb4 Nxb4 20. Rxb4 Rc7 21. Rc4 Rxc4 22. Qxc4 f5 23. Re1 Kh7 24. exf5 Rxf5 25. Nh4 Re5 26. Rxe5 Nxe5 27. Qe4 Bf6 28. Nf3 Nd7 29. a5 Nc5 30. Qf4 Bg7 31. Qf7 Ne4 32. Be3 Qxa5 33. Bd4 Nf6 34. Qxe7 Nh5 35. Bxg7 Nxg7 36. Qxd6 1-0

[Event "Xtracon Open 2019"]
[Site "Helsingor"]
[Date "2019.07.21"]
[Round "2.17"]
[White "Jensen, Morten Frank"]
[Black "Storme, Isak"]
[Result "0-1"]
[WhiteElo "2029"]
[BlackElo "2330"]
[Annotator "NA"]
[PlyCount "92"]
[EventDate "2019.07.19"]
[EventType "swiss"]
[EventCountry "DEN"]
[SourceTitle "playchess.com"]
[Source "ChessBase"]
[SourceQuality "1"]

1. e4 e5 2. Bb5 a6 3. Ba4 Nf6 4. Nc3 b5 5. Bb3 Bc5 6. d3 O-O 7. Be3 Bxe3 8. fxe3 d6 9. h3 c5 10. Qf3 Be6 11. Nd5 c4 12. dxc4 bxc4 13. Bxc4 Bxd5 14. Bxd5 Nxd5 15. exd5 Qa5+ 16. c3 Nd7 17. Ne2 Nb6 18. Kf2 f5 19. Rhd1 Nc4 20. b3 Nb2 21. Rd2 Nd3+ 22. Kg1 e4 23. Qg3 Qxd5 24. c4 Qe5 25. Qxe5 dxe5 26. Nc3 Kf7 27. Nd5 Rac8 28. g4 g6 29. a3 Ke6 30. Rf1 Rf7 31. gxf5+ gxf5 32. Rg2 a5 33. Rb1 Rb7 34. Rc2 f4 35. Nc3 Kf5 36. exf4 exf4 37. Re2 Rg8+ 38. Kh2 f3 39. Rd2 Rbg7 40. Nd5 Rg2+ 41. Kh1 Rxd2 42. Ne7+ Kf4 43. Nxg8 Nf2+ 44. Kh2 Ng4+ 45. Kh1 Rh2+ 46. Kg1 f2+ 0-1

[Event "Xtracon Open 2019"]
[Site "Helsingor"]
[Date "2019.07.21"]
[Round "2.17"]
[White "Magnussen, Pal"]
[Black "Bach, Matthias"]
[Result "0-1"]
[WhiteElo "1985"]
[BlackElo "2241"]
[Annotator "NA"]
[PlyCount "80"]
[EventDate "2019.07.19"]
[EventType "swiss"]
[EventCountry "DEN"]
[SourceTitle "playchess.com"]
[Source "ChessBase"]
[SourceQuality "1"]

1. e4 d6 2. d4 g6 3. Nf3 Bg7 4. Nc3 a6 5. a4 b6 6. Bd3 e6 7. O-O Nd7 8. Be3 h6 9. Nd2 e5 10. Nf3 Ngf6 11. h3 Bb7 12. Qd2 exd4 13. Nxd4 Nc5 14. Rae1 Kf8 15. f4 Bxe4 16. f5 g5 17. Bxe4 Ncxe4 18. Nxe4 Nxe4 19. Qd3 Nf6 20. Bd2 Kg8 21. Qf3 d5 22. Bc3 Qd6 23. b4 h5 24. Ne6 g4 25. Qd3 fxe6 26. Bxf6 Bxf6 27. Rxe6 Qf8 28. Qxd5 Kg7 29. Qc4 Qd8 30. c3 Rh6 31. hxg4 hxg4 32. Qxg4+ Kh7 33. Rd1 Qf8 34. Rd7+ Kh8 35. Rxc7 Rd8 36. Rcc6 Rh4 37. Qf3 Qh6 38. g3 Rh1+ 39. Qxh1 Rd1+ 40. Kf2 Qxh1 0-1

[Event "Xtracon Open 2019"]
[Site "Helsingor"]
[Date "2019.07.21"]
[Round "2.18"]
[White "Nasshan, Dennis"]
[Black "Holinka, Henning"]
[Result "1/2-1/2"]
[WhiteElo "2314"]
[BlackElo "2021"]
[Annotator "NA"]
[PlyCount "107"]
[EventDate "2019.07.19"]
[EventType "swiss"]
[EventCountry "DEN"]
[SourceTitle "playchess.com"]
[Source "ChessBase"]
[SourceQuality "1"]

1. c4 e5 2. Nc3 Nf6 3. g3 c6 4. d4 exd4 5. Qxd4 d5 6. Bg2 Be6 7. cxd5 cxd5 8. Nf3 Nc6 9. Qa4 Bc5 10. Qb5 Qb6 11. Qxb6 axb6 12. Ng5 Nb4 13. Nxe6 fxe6 14. O-O Nc2 15. Rb1 d4 16. Ne4 Rxa2 17. Nxf6+ gxf6 18. Bxb7 f5 19. Bf4 Ke7 20. Rfd1 Kf6 21. Bd2 Rd8 22. h4 Be7 23. Rdc1 Ra7 24. Bf3 Rc8 25. Kh2 b5 26. g4 Bd6+ 27. Kh3 b4 28. gxf5 exf5 29. Bd5 Ke5 30. Bb3 Rac7 31. Ba4 Ke4 32. Bg5 Bf4 33. Bxf4 Kxf4 34. Rd1 Ke4 35. Rd3 Ra7 36. Bb3 Na1 37. Bd1 f4 38. Kg2 Rc6 39. Kh3 Rc8 40. Kg2 Rc6 41. Kf1 Ra2 42. Rh3 Rc7 43. Ke1 Nc2+ 44. Kf1 Na1 45. Ke1 Nc2+ 46. Bxc2+ Rxc2 47. Rb3 Rc4 48. Kd2 Ra5 49. f3+ Kd5 50. Rg1 Rac5 51. Kd3 h6 52. Ra1 Rc6 53. Ra5+ R6c5 54. Ra1 1/2-1/2

[Event "Xtracon Open 2019"]
[Site "Helsingor"]
[Date "2019.07.21"]
[Round "2.18"]
[White "Karlsson, Jorgen"]
[Black "Korley, Kassa"]
[Result "0-1"]
[WhiteElo "2114"]
[BlackElo "2437"]
[Annotator "NA"]
[PlyCount "94"]
[EventDate "2019.07.19"]
[EventType "swiss"]
[EventCountry "DEN"]
[SourceTitle "playchess.com"]
[Source "ChessBase"]
[SourceQuality "1"]

1. d4 d5 2. Bf4 Nf6 3. e3 e6 4. Nd2 Bd6 5. Bg3 O-O 6. c3 c5 7. Bd3 Qc7 8. Bxd6 Qxd6 9. Ngf3 Nbd7 10. Qa4 c4 11. Be2 b5 12. Qc2 Bb7 13. a4 b4 14. cxb4 Qxb4 15. a5 Rab8 16. O-O Bc6 17. Rfb1 Rfc8 18. Bd1 h6 19. Qc3 Rb7 20. Bc2 Rcb8 21. Ra2 Ne8 22. Rba1 Nc7 23. Nb1 Na6 24. Nfd2 f5 25. f3 Nf6 26. Na3 Be8 27. Rc1 Qe7 28. Nab1 Nb4 29. Ra1 Bg6 30. f4 Bh5 31. Nf3 Nxc2 32. Rxc2 Ne4 33. Qe1 Rxb2 34. Rxb2 Rxb2 35. Nc3 Bxf3 36. gxf3 Nxc3 37. Qxc3 Re2 38. Re1 Ra2 39. Rc1 Ra3 40. Qd2 Rd3 41. Qf2 Qa3 42. Re1 Qxa5 43. Re2 c3 44. e4 dxe4 45. fxe4 Rd1+ 46. Kg2 fxe4 47. Qe3 Qf5 0-1

[Event "Xtracon Open 2019"]
[Site "Helsingor"]
[Date "2019.07.21"]
[Round "2.18"]
[White "Knudsen, Ole"]
[Black "Grove, Peter"]
[Result "1-0"]
[WhiteElo "1969"]
[BlackElo "2239"]
[Annotator "NA"]
[PlyCount "109"]
[EventDate "2019.07.19"]
[EventType "swiss"]
[EventCountry "DEN"]
[SourceTitle "playchess.com"]
[Source "ChessBase"]
[SourceQuality "1"]

1. e4 c6 2. d4 d5 3. e5 Bf5 4. h4 h5 5. Bd3 Bxd3 6. Qxd3 e6 7. Bg5 Qb6 8. Nd2 Qa6 9. c4 Ne7 10. Ne2 Nf5 11. O-O Bb4 12. b3 Bxd2 13. Qxd2 dxc4 14. Ng3 Nxg3 15. fxg3 Nd7 16. Qf4 Rf8 17. Qf3 Nb6 18. Qxh5 c3 19. Rf3 Rc8 20. Raf1 Rc7 21. Qg4 Qxf1+ 22. Rxf1 Nd5 23. Bc1 Rg8 24. Qe4 b5 25. Qh7 Kf8 26. Rf3 b4 27. Qd3 Ke7 28. Qc4 Rb8 29. Bg5+ Kf8 30. h5 Kg8 31. h6 g6 32. h7+ Kxh7 33. g4 Rb5 34. Bc1 Ra5 35. Qe2 Kg8 36. Qf2 Kf8 37. Qh4 f5 38. Qh8+ Kf7 39. Qh7+ Ke8 40. Qxg6+ Kd7 41. Qf7+ Kc8 42. Qxe6+ Kb7 43. Qxf5 Rxa2 44. Qb1 Re2 45. Qd3 Ra2 46. g5 a5 47. Qb1 Re2 48. Kf1 c2 49. Qa1 Re4 50. g6 Rg4 51. Rf7 Rxg6 52. Rxc7+ Kxc7 53. Qxa5+ Kb7 54. Qa2 Rg3 55. Qxc2 1-0

[Event "Xtracon Open 2019"]
[Site "Helsingor"]
[Date "2019.07.21"]
[Round "2.19"]
[White "Bharath Subramaniyam H"]
[Black "Tolhuizen, Ludo"]
[Result "1-0"]
[WhiteElo "2405"]
[BlackElo "2090"]
[Annotator "NA"]
[PlyCount "63"]
[EventDate "2019.07.19"]
[EventType "swiss"]
[EventCountry "DEN"]
[SourceTitle "playchess.com"]
[Source "ChessBase"]
[SourceQuality "1"]

1. e4 e6 2. d4 d5 3. Nc3 Nf6 4. Bg5 dxe4 5. Nxe4 Be7 6. Bxf6 gxf6 7. Nf3 a6 8. Qd2 b5 9. O-O-O Bb7 10. Qe3 Nd7 11. Bd3 Qc8 12. Qh6 f5 13. Neg5 c5 14. Qg7 Rf8 15. dxc5 Bf6 16. Qh6 Bxg5+ 17. Qxg5 Qxc5 18. Rhe1 Be4 19. Bxe4 fxe4 20. Rxe4 Qxg5+ 21. Nxg5 Rg8 22. h4 h6 23. Nxf7 Rxg2 24. Nxh6 Ke7 25. Nf5+ Kf6 26. Ne3 Rg7 27. Rf4+ Ke7 28. Re1 Kd6 29. Rd4+ Kc7 30. Re4 Rf8 31. Rxe6 Rxf2 32. Rxa6 1-0

[Event "Xtracon Open 2019"]
[Site "Helsingor"]
[Date "2019.07.21"]
[Round "2.20"]
[White "Roseneck, Jonas"]
[Black "Liabotro, Ola"]
[Result "1-0"]
[WhiteElo "2398"]
[BlackElo "2081"]
[Annotator "NA"]
[PlyCount "67"]
[EventDate "2019.07.19"]
[EventType "swiss"]
[EventCountry "DEN"]
[SourceTitle "playchess.com"]
[Source "ChessBase"]
[SourceQuality "1"]

1. e4 c5 2. Nf3 g6 3. d4 cxd4 4. Nxd4 Nc6 5. c4 Nf6 6. Nc3 d6 7. Be3 Ng4 8. Nxc6 bxc6 9. Bg5 Qa5 10. Qd2 Bg7 11. Rc1 f5 12. exf5 Bxf5 13. Be2 Qe5 14. h3 Nf6 15. Bf4 Qa5 16. Bf3 Bd7 17. O-O O-O 18. Rfe1 Rae8 19. c5 d5 20. Be5 Bc8 21. Qd4 Rf7 22. b4 Qd8 23. b5 Bb7 24. a4 e6 25. bxc6 Bxc6 26. Nb5 Bxb5 27. axb5 Nd7 28. Bxg7 Rxg7 29. Re3 Qb8 30. Rce1 Qxb5 31. c6 Qxc6 32. Bxd5 Qb6 33. Rxe6 Rxe6 34. Rxe6 1-0

[Event "Xtracon Open 2019"]
[Site "Helsingor"]
[Date "2019.07.21"]
[Round "2.21"]
[White "Dew, Brian"]
[Black "Jepson, Christian"]
[Result "1/2-1/2"]
[WhiteElo "2094"]
[BlackElo "2391"]
[Annotator "NA"]
[PlyCount "110"]
[EventDate "2019.07.19"]
[EventType "swiss"]
[EventCountry "DEN"]
[SourceTitle "playchess.com"]
[Source "ChessBase"]
[SourceQuality "1"]

1. e4 e5 2. Nf3 Nc6 3. Bb5 a6 4. Ba4 Nf6 5. O-O b5 6. Bb3 Bb7 7. Re1 Bc5 8. c3 d6 9. a4 h6 10. d3 O-O 11. Nbd2 Re8 12. Nf1 Qd7 13. Ng3 Bb6 14. Nf5 d5 15. Qe2 Na5 16. Bc2 Kh8 17. N3h4 Re6 18. b4 Nc6 19. axb5 axb5 20. Rxa8+ Bxa8 21. Bb3 Ne7 22. Nxe7 Rxe7 23. Nf5 Re6 24. Qf3 Qd8 25. h3 c5 26. bxc5 Bxc5 27. g4 Qd7 28. Ng3 b4 29. cxb4 Bxb4 30. Rd1 Rb6 31. Be3 d4 32. Bc1 Bf8 33. Bc4 Bb7 34. Bd2 Ba6 35. Bxa6 Rxa6 36. Rb1 Qc8 37. Kg2 Kg8 38. Rb5 Qc6 39. Rxe5 Ra2 40. Qd1 Qa6 41. Be1 Bd6 42. Rf5 Bxg3 43. Kxg3 Ra3 44. Rf3 Nd7 45. Kg2 Ne5 46. Rg3 g5 47. Qb1 Qa8 48. Kf1 Ra1 49. Qb6 Nc6 50. Rg1 Qe8 51. Kg2 Ra2 52. Qc5 Qe6 53. Bb4 Qf6 54. Rf1 Ne5 55. Qxd4 Qf3+ 1/2-1/2

[Event "Xtracon Open 2019"]
[Site "Helsingor"]
[Date "2019.07.21"]
[Round "2.22"]
[White "Rostgaard, Tobias Valentin"]
[Black "Bruaset, Eivind"]
[Result "1-0"]
[WhiteElo "2390"]
[BlackElo "2074"]
[Annotator "NA"]
[PlyCount "73"]
[EventDate "2019.07.19"]
[EventType "swiss"]
[EventCountry "DEN"]
[SourceTitle "playchess.com"]
[Source "ChessBase"]
[SourceQuality "1"]

1. Nf3 Nf6 2. c4 g6 3. Nc3 Bg7 4. e4 d6 5. d4 O-O 6. Be2 e5 7. O-O Nc6 8. d5 Ne7 9. Ne1 Nd7 10. f3 f5 11. g4 f4 12. h4 Kh8 13. Bd2 Ng8 14. Ng2 a5 15. Be1 b6 16. Bf2 Nc5 17. Kh2 Bd7 18. Rh1 Ra7 19. Ne1 Qa8 20. b3 Qb7 21. Nd3 Rfa8 22. Rb1 Nf6 23. Qc2 Qc8 24. Nc1 Be8 25. a3 a4 26. b4 Nb3 27. Nxb3 axb3 28. Rxb3 Rxa3 29. Rb2 Bf8 30. Nb1 R3a4 31. Nd2 Qa6 32. Rhb1 Ra3 33. Kg2 Qc8 34. c5 b5 35. c6 h5 36. g5 Nxe4 37. fxe4 1-0

[Event "Xtracon Open 2019"]
[Site "Helsingor"]
[Date "2019.07.21"]
[Round "2.23"]
[White "Machlik, Monika"]
[Black "Miedema, David"]
[Result "1-0"]
[WhiteElo "2083"]
[BlackElo "2387"]
[Annotator "NA"]
[PlyCount "150"]
[EventDate "2019.07.19"]
[EventType "swiss"]
[EventCountry "DEN"]
[SourceTitle "playchess.com"]
[Source "ChessBase"]
[SourceQuality "1"]

1. d4 Nf6 2. c4 g6 3. Nc3 d5 4. Bf4 Bg7 5. Nf3 O-O 6. Rc1 c5 7. dxc5 Na6 8. cxd5 Nxc5 9. e3 Qa5 10. Bc4 b5 11. Bxb5 Nfe4 12. Nd4 Nxc3 13. bxc3 Bb7 14. O-O Bxd5 15. Bc6 Rad8 16. Bxd5 Rxd5 17. Nc6 Rxd1 18. Nxa5 Rxc1 19. Rxc1 Rc8 20. c4 Nd3 21. Rd1 Nxf4 22. exf4 Bc3 23. Nb3 Rxc4 24. Rc1 Rc7 25. Kf1 f5 26. Nd4 Ba5 27. Rxc7 Bxc7 28. Nc6 a6 29. Nxe7+ Kf7 30. Nd5 Bb8 31. g3 Ke6 32. Ne3 Kd6 33. Ke2 Kc5 34. Kd3 Bc7 35. Nc2 Bb6 36. f3 Kb5 37. h3 Bf2 38. g4 Kc5 39. gxf5 gxf5 40. Ke2 Bg1 41. Kd3 a5 42. Kc3 Bf2 43. Kb3 Kb5 44. Na3+ Kc5 45. Nc2 Kd5 46. Ka4 Kc4 47. Kxa5 Kd3 48. Nb4+ Ke3 49. Nd5+ Kxf3 50. Kb5 Kg3 51. a4 Be1 52. Nb4 Kxh3 53. a5 h5 54. a6 Bf2 55. Nd5 Ba7 56. Kc6 h4 57. Kb7 Kg3 58. Kxa7 h3 59. Kb6 h2 60. a7 h1=Q 61. a8=Q Qh6+ 62. Qc6 Qf8 63. Kb5 Kf3 64. Ne7+ Kg3 65. Nd5 Kf3 66. Kc4 Qa3 67. Kd4 Qa7+ 68. Ke5 Qg7+ 69. Kxf5 Qh7+ 70. Qg6 Qh4 71. Ke5 Qe1+ 72. Kd6 Qf1 73. Qh5+ Kg3 74. Qg5+ Kf3 75. f5 Qa6+ 1-0

[Event "Xtracon Open 2019"]
[Site "Helsingor"]
[Date "2019.07.21"]
[Round "2.24"]
[White "Keinanen, Toivo"]
[Black "AIM Tolgay Pekin"]
[Result "1/2-1/2"]
[WhiteElo "2386"]
[BlackElo "2070"]
[Annotator "NA"]
[PlyCount "120"]
[EventDate "2019.07.19"]
[EventType "swiss"]
[EventCountry "DEN"]
[SourceTitle "playchess.com"]
[Source "ChessBase"]
[SourceQuality "1"]

1. c4 Nf6 2. Nc3 d5 3. cxd5 Nxd5 4. g3 g6 5. Bg2 Nb6 6. Nf3 Bg7 7. O-O O-O 8. d3 c6 9. Bd2 N8d7 10. Qc1 Re8 11. b4 Nf8 12. a4 a5 13. b5 Bd7 14. Rb1 cxb5 15. Nxb5 Bc6 16. Qa3 e5 17. Bg5 f6 18. Be3 Nd5 19. Bd2 Ne6 20. Rfd1 Bf8 21. Qb3 Kg7 22. Qb2 Nc5 23. d4 Nxa4 24. Qa1 e4 25. Qxa4 exf3 26. Bxf3 Qd7 27. Rdc1 Bb4 28. Qa2 Bxd2 29. Qxd2 Bxb5 30. Bxd5 Rxe2 31. Qxe2 Bxe2 32. Rxb7 Ra7 33. Rxd7+ Rxd7 34. Rc5 a4 35. Ra5 Bd1 36. Kf1 Bb3 37. Bxb3 axb3 38. Rb5 Rxd4 39. Rb7+ Kh6 40. Rxb3 Ra4 41. Rb7 f5 42. Kg2 Rc4 43. Rf7 Rc5 44. h4 Rc4 45. Rf6 Kg7 46. Ra6 Rb4 47. Ra7+ Kg8 48. Kf3 Rc4 49. Re7 Ra4 50. Rc7 Rb4 51. Kg2 Ra4 52. Kh3 Ra2 53. Kg2 Ra4 54. Rb7 Rc4 55. Ra7 Rb4 56. Kh3 Rb2 57. Kg2 Rb4 58. Ra2 Kg7 59. Kh3 h5 60. Ra7+ Kf6 1/2-1/2

[Event "Xtracon Open 2019"]
[Site "Helsingor"]
[Date "2019.07.21"]
[Round "3"]
[White "Svane, Rasmus"]
[Black "Svane, Frederik"]
[Result "1/2-1/2"]
[WhiteElo "2615"]
[BlackElo "2334"]
[Annotator "ChessBase"]
[PlyCount "209"]
[EventDate "2019.??.??"]
[EventCountry "DEN"]
[SourceTitle "playchess.com"]
[Source "ChessBase"]
[SourceQuality "1"]

1. d4 Nf6 2. c4 e6 3. g3 d5 4. Bg2 Be7 5. Nf3 O-O 6. O-O dxc4 7. Qc2 a6 8. a4 Bd7 9. Qxc4 Bc6 10. Bf4 Bd6 11. Bg5 Nbd7 12. Nbd2 h6 13. Bxf6 Nxf6 14. Rfc1 Qe7 15. Qc2 Bxf3 16. Bxf3 c6 17. Nc4 Rad8 18. Rab1 Bc7 19. e3 Nd5 20. Rd1 Rd7 21. Rd2 Rfd8 22. Rbd1 Qb4 23. b3 Qc3 24. Bxd5 Qxc2 25. Rxc2 Rxd5 26. Rdc1 e5 27. dxe5 Bxe5 28. Kf1 Bf6 29. Ke2 Be7 30. Rd2 Bb4 31. Rxd5 Rxd5 32. Rc2 Rc5 33. e4 Kf8 34. f4 Ke7 35. Kd3 f6 36. Ne3 Rxc2 37. Nxc2 Bc5 38. Nd4 Kd7 39. Kc4 Bd6 40. a5 Bf8 41. b4 g5 42. Nf5 gxf4 43. gxf4 Ke6 44. h4 Kd7 45. h5 Ke6 46. Nd4+ Kd7 47. Nb3 Bd6 48. Nc5+ Kc7 49. Nd3 b6 50. e5 fxe5 51. fxe5 Be7 52. e6 bxa5 53. bxa5 Ba3 54. Nc5 Kd6 55. Nxa6 Kxe6 56. Nb8 Kd6 57. a6 Kc7 58. a7 Kb7 59. Nxc6 Bc1 60. Kd4 Bd2 61. Kd5 Bc1 62. Ke6 Bd2 63. Ke5 Bc1 64. Kf6 Bg5+ 65. Kg7 Bc1 66. Kg6 Ka8 67. Kg7 Kb7 68. Kf7 Ka8 69. Ke6 Kb7 70. Kd6 Bd2 71. Kd7 Bc1 72. Ke8 Ka8 73. Ke7 Kb7 74. Kd8 Bd2 75. Ke8 Bc1 76. Kf8 Bd2 77. Kg7 Bc1 78. Kg6 Ka8 79. Ne7 Kxa7 80. Nf5 Kb7 81. Nxh6 Kc7 82. Nf5 Kd7 83. Kf7 Bd2 84. Ng3 Bf4 85. Ne4 Bc1 86. Nf2 Be3 87. Ng4 Bc1 88. Ne5+ Kd6 89. Nf3 Be3 90. Kf6 Bc1 91. Nh4 Bb2+ 92. Kf7 Bc1 93. Nf5+ Kd7 94. Ng7 Bd2 95. Ne6 Bc1 96. Nf8+ Kd6 97. Nh7 Bd2 98. Kf6 Bc3+ 99. Kg6 Bd2 100. Ng5 Bxg5 101. Kxg5 Ke7 102. Kg6 Kf8 103. h6 Kg8 104. h7+ Kh8 105. Kh6 1/2-1/2

[Event "Xtracon Open 2019"]
[Site "Helsingor"]
[Date "2019.07.21"]
[Round "3"]
[White "Kollars, Dmitrij"]
[Black "Ronka, Erik"]
[Result "1-0"]
[WhiteElo "2581"]
[BlackElo "2289"]
[Annotator "ChessBase"]
[PlyCount "39"]
[EventDate "2019.??.??"]
[EventCountry "DEN"]
[SourceTitle "playchess.com"]
[Source "ChessBase"]
[SourceQuality "1"]

1. e4 c6 2. d4 d5 3. e5 c5 4. dxc5 e6 5. Bd3 Nc6 6. Nf3 Bxc5 7. O-O f6 8. exf6 Nxf6 9. c4 O-O 10. Nc3 Qd6 11. h3 a6 12. Bg5 g6 13. Rc1 Nb4 14. Bb1 b5 15. a3 Nc6 16. cxd5 exd5 17. Bxf6 Rxf6 18. Qxd5+ Kg7 19. Qxd6 Bxd6 20. Ne4 1-0

[Event "Xtracon Open 2019"]
[Site "Helsingor"]
[Date "2019.07.21"]
[Round "3"]
[White "Rasmussen, Allan Stig"]
[Black "Tomilova, Elena"]
[Result "0-1"]
[WhiteElo "2569"]
[BlackElo "2281"]
[Annotator "TA"]
[PlyCount "96"]
[EventDate "2019.??.??"]
[EventCountry "DEN"]
[SourceTitle "playchess.com"]
[Source "ChessBase"]
[SourceQuality "1"]

1. c4 e5 2. g3 Nf6 3. Bg2 d5 4. cxd5 Nxd5 5. Nc3 Nb6 6. Nf3 Nc6 7. d3 Be7 8. O-O O-O 9. a3 Re8 10. b4 Bf8 11. Bb2 a5 12. b5 Nd4 13. Nd2 c6 14. bxc6 Nxc6 15. Na4 Be6 16. Re1 Nxa4 17. Qxa4 Bd5 18. Qb5 Bxg2 19. Kxg2 Re7 20. Nc4 Nd4 21. Bxd4 exd4 22. Rab1 Ra6 23. Rb2 Rh6 24. Qf5 Qe8 25. Kg1 a4 26. Qd5 Rd7 27. Qg2 Re7 28. Qd5 Rd7 29. Qf5 Rc7 30. Qf4 Qc8 31. Qe4 Re7 32. Qd5 Rd7 33. Qg2 Rc7 34. Reb1 Rhc6 35. Qd5 Rd7 36. Qb5 Rdc7 37. Qxa4 Rh6 38. Rb6 Rh5 39. Nd2 Rc2 40. Nf3 Rxe2 41. Rxb7 Qf5 42. Rb8 Qxf3 43. Rxf8+ Kxf8 44. Rb8+ Ke7 45. Qe8+ Kf6 46. Rb6+ Kg5 47. h4+ Kg4 48. Qd7+ Rf5 0-1

[Event "Xtracon Open 2019"]
[Site "Helsingor"]
[Date "2019.07.21"]
[Round "3"]
[White "Praggnanandhaa R"]
[Black "Buchal, Stephan"]
[Result "1-0"]
[WhiteElo "2540"]
[BlackElo "2260"]
[Annotator "ChessBase"]
[PlyCount "45"]
[EventDate "2019.??.??"]
[EventCountry "DEN"]
[SourceTitle "playchess.com"]
[Source "ChessBase"]
[SourceQuality "1"]

1. e4 d6 2. d4 Nf6 3. Nc3 g6 4. Be3 c6 5. Qd2 Nbd7 6. Nf3 Bg7 7. h3 O-O 8. Bd3 e5 9. O-O Qc7 10. a4 Re8 11. Rfe1 b6 12. dxe5 Nxe5 13. Be2 Bb7 14. Rad1 Rad8 15. Bg5 Qe7 16. Nh2 Qe6 17. f4 Nc4 18. Bxc4 Qxc4 19. e5 Qc5+ 20. Qf2 Qxf2+ 21. Kxf2 dxe5 22. Rxd8 Rxd8 23. fxe5 1-0

[Event "Xtracon Open 2019"]
[Site "Helsingor"]
[Date "2019.07.21"]
[Round "3"]
[White "Hjartarson, Johann"]
[Black "Rosenkilde, Alexander"]
[Result "1-0"]
[WhiteElo "2513"]
[BlackElo "2255"]
[Annotator "ChessBase"]
[PlyCount "55"]
[EventDate "2019.??.??"]
[EventCountry "DEN"]
[SourceTitle "playchess.com"]
[Source "ChessBase"]
[SourceQuality "1"]

1. d4 Nf6 2. c4 e6 3. Nc3 Bb4 4. e3 b6 5. Bd3 Bb7 6. Nf3 O-O 7. O-O d5 8. cxd5 exd5 9. a3 Bd6 10. b4 a6 11. Qb3 Re8 12. Bb2 Nbd7 13. Rac1 c6 14. Ne2 Ne4 15. Rfd1 Ndf6 16. Ne5 Rc8 17. f3 Ng5 18. Ng3 Nd7 19. f4 Ne6 20. Qc2 g6 21. Qf2 Nef8 22. e4 Nf6 23. f5 Rc7 24. fxg6 fxg6 25. Rf1 Nxe4 26. Bxe4 dxe4 27. Nxe4 Ree7 28. Nxd6 1-0

[Event "Xtracon Open 2019"]
[Site "Helsingor"]
[Date "2019.07.21"]
[Round "3"]
[White "Sonis, Francesco"]
[Black "Nielsen, Viktor Haarmark"]
[Result "1-0"]
[WhiteElo "2498"]
[BlackElo "2254"]
[Annotator "ChessBase"]
[PlyCount "75"]
[EventDate "2019.??.??"]
[EventCountry "DEN"]
[SourceTitle "playchess.com"]
[Source "ChessBase"]
[SourceQuality "1"]

1. d4 d5 2. c4 e6 3. Nc3 Bb4 4. e3 Nf6 5. Bd2 O-O 6. Nf3 b6 7. cxd5 exd5 8. Rc1 c5 9. dxc5 bxc5 10. Na4 Nbd7 11. Bxb4 cxb4 12. Bb5 Bb7 13. O-O Qa5 14. Nd4 Rac8 15. Rxc8 Rxc8 16. Bxd7 Nxd7 17. Nf5 Rc7 18. Qd4 f6 19. b3 Ne5 20. f4 Nc6 21. Qd2 Bc8 22. Nd4 Bd7 23. Nxc6 Rxc6 24. a3 Bf5 25. axb4 Qd8 26. Nc3 Rd6 27. Qd4 Rd7 28. Ra1 Qa8 29. Ra5 Be6 30. Na4 Bf5 31. Nb6 Qc6 32. Nxd7 Qc1+ 33. Kf2 Qc2+ 34. Ke1 Qc1+ 35. Ke2 Qc2+ 36. Qd2 Bd3+ 37. Ke1 Qb1+ 38. Qd1 1-0